Normal view
MARC view
Entry Personal Name
001 - CONTROL NUMBER
- control field: 58970
003 - CONTROL NUMBER IDENTIFIER
- control field: dpl
005 - DATE AND TIME OF LATEST TRANSACTION
- control field: 20231122150508.0
008 - FIXED-LENGTH DATA ELEMENTS
- fixed length control field: 231122|| aca||aabn | a|a d
040 ## - CATALOGING SOURCE
- Original cataloging agency: dpl
- Transcribing agency: dpl
100 ## - HEADING--PERSONAL NAME
- Personal name: Jampala, Rajesh C
670 ## - SOURCE DATA FOUND
- Source citation: Work cat.: (dpl)197433: Jampala, Rajesh C., Advertising-Sales Promotion and Distribution/, 2009
